A colour Atlas of Dermatology / (Record no. 1710)
[ view plain ]
| 000 -LEADER | |
|---|---|
| fixed length control field | 00602nam a22002177a 4500 |
| 003 - CONTROL NUMBER IDENTIFIER | |
| control field | OSt |
| 005 - DATE AND TIME OF LATEST TRANSACTION | |
| control field | 20150506224541.0 |
| 008 - FIXED-LENGTH DATA ELEMENTS--GENERAL INFORMATION | |
| fixed length control field | 150505b xxu||||| |||| 00| 0 eng d |
| 020 ## - INTERNATIONAL STANDARD BOOK NUMBER | |
| International Standard Book Number | 0723408637 |
| 040 ## - CATALOGING SOURCE | |
| Transcribing agency | DNLM |
| 082 ## - DEWEY DECIMAL CLASSIFICATION NUMBER | |
| Classification number | WR 17 L576c 1993 |
| 100 ## - MAIN ENTRY--PERSONAL NAME | |
| Personal name | levene G M |
| 9 (RLIN) | 4516 |
| 245 ## - TITLE STATEMENT | |
| Title | A colour Atlas of Dermatology / |
| Statement of responsibility, etc. | G M Levene & C D Calnan |
| 250 ## - EDITION STATEMENT | |
| Edition statement | International edition |
| 260 ## - PUBLICATION, DISTRIBUTION, ETC. (IMPRINT) | |
| Place of publication, distribution, etc. | Spain: |
| Name of publisher, distributor, etc. | Wolfe Medical Publications Ltd ; |
| Date of publication, distribution, etc. | 1993 |
| 300 ## - PHYSICAL DESCRIPTION | |
| Extent | 368 P ; |
| Other physical details | col.ill |
| Dimensions | 22 cm |
| 504 ## - BIBLIOGRAPHY, ETC. NOTE | |
| Bibliography, etc | Includes index |
| 650 ## - SUBJECT ADDED ENTRY--TOPICAL TERM | |
| Topical term or geographic name as entry element | Dermatology |
| 9 (RLIN) | 502 |
| 700 ## - ADDED ENTRY--PERSONAL NAME | |
| Personal name | Calnan C D |
| 9 (RLIN) | 4517 |
| 942 ## - ADDED ENTRY ELEMENTS (KOHA) | |
| Source of classification or shelving scheme | Other/Generic Classification Scheme |
| Koha item type | Short Loan |
| Withdrawn status | Lost status | Source of classification or shelving scheme | Damaged status | Not for loan | Home library | Current library | Date acquired | Source of acquisition | Inventory number | Total Checkouts | Full call number | Barcode | Date last seen | Price effective from | Koha item type |
|---|---|---|---|---|---|---|---|---|---|---|---|---|---|---|---|
| Other/Generic Classification Scheme | MUST Main Library | MUST Main Library | 05/05/2015 | 2001/15232 | WR 17 L576c 1993 | 2015-1334 | 05/05/2015 | 05/05/2015 | Short Loan | ||||||
| Other/Generic Classification Scheme | MUST Main Library | MUST Main Library | 05/05/2015 | 2001/15060 | WR 17 L576c 1993 | 2015-1335 | 05/05/2015 | 05/05/2015 | Short Loan |
